112 dinámicas

Uloženo v:
Podrobná bibliografie
Hlavní autor: Londoño, Alejandro (autor)
Médium: Kniha
Jazyk:španělština
Vydáno: Ciudad de México Dabar 1995
Edice:Colección Dinámicas
Témata:
Tagy: Přidat tag
Žádné tagy, Buďte první, kdo vytvoří štítek k tomuto záznamu!

MARC

LEADER 00000nam a2200000 a 4500
001 UCQ7851
003 CL-VaPUC
008 981121e19950000MX |||||||||||||||||spa|d
082 0 4 |a 302.3  |b LON  |2 21 
100 |a Londoño, Alejandro  |e autor  |9 560586 
245 1 0 |a 112 dinámicas 
246 1 0 |a Ciento doce dinámicas 
300 |a 138 p 
942 |c BK 
945 |d 19981121 00:00:00  |a aarredon 
260 |a Ciudad de México  |b Dabar  |c 1995 
650 0 |a Dinámica de grupos   |9 259862 
650 7 |a RECREACION  |2 CL-VaPUC  |9 421602 
650 0 |a Actividades recreativas   |9 807627 
650 7 |a JUEGOS DE RECREACION  |2 CL-VaPUC  |9 368619 
650 7 |a INTERACCION CON GRUPOS  |2 CL-VaPUC  |9 421604 
650 0 |a Motivación   |9 315362 
650 0 |a Juegos infantiles  |9 307365 
583 |a last modification  |c 19981121 00:00:00  |k Rodrigo Vera 
490 0 |a Colección Dinámicas 
999 |c 277231  |d 277229 
952 |0 0  |1 0  |4 0  |6 302_300000000000000_LON_1995  |7 0  |8 A  |9 315089  |a BIBEDU  |b BIBEDU  |d 2019-11-20  |i 3482863  |o 302.3 LON 1995  |p 3482863  |r 2019-11-20  |w 2019-11-20  |y BK  |k EDU 
952 |0 0  |1 0  |4 0  |6 302_300000000000000_LON_1995  |7 0  |8 A  |9 315090  |a BIBGIM  |b BIBGIM  |d 2019-11-20  |i 3503666  |o 302.3 LON 1995  |p 3503666  |r 2025-01-15  |w 2019-11-20  |y BK  |k SSL